000
00262nam a22001217a 4500
008
180220b xxu||||| |||| 00| 0 eng d
041
_a
eng
080
_a
321
100
_a
19
101
_a
SHP
245
_a
Stabilization Policy
_c
Officer, L.H
942
_2
udc
_c
BK
999
_c
42905
_d
42905